Chemical pesticides : Mode of action and toxicology

Environmental-friendliness, issues of public health, and the pros and cons of genetically-modified crops all receive regular coverage in the world's media. This, in turn, has led to increased questioning and investigation of chemical pesticides.Stenersen's concise introduction to chemical...

Description complète

Enregistré dans:
Détails bibliographiques
Auteur principal: Stenersen, Jorgen
Format: Livre
Langue:Undetermined
Publié: New York CRC Press 2004
Sujets:
Tags: Ajouter un tag
Pas de tags, Soyez le premier à ajouter un tag!
Thư viện lưu trữ: Trung tâm Học liệu Trường Đại học Cần Thơ
LEADER 01465nam a2200253Ia 4500
001 CTU_93820
008 210402s9999 xx 000 0 und d
020 |c 1519000 
082 |a 615.902 
082 |b S825 
100 |a Stenersen, Jorgen 
245 0 |a Chemical pesticides : 
245 0 |b Mode of action and toxicology 
245 0 |c Jorgen Stenersen 
260 |a New York 
260 |b CRC Press 
260 |c 2004 
520 |a Environmental-friendliness, issues of public health, and the pros and cons of genetically-modified crops all receive regular coverage in the world's media. This, in turn, has led to increased questioning and investigation of chemical pesticides.Stenersen's concise introduction to chemical pesticides describes these compounds according to their biochemical mode of action, such as whether they are enzyme inhibitors, receptor ligands, or free radical generators. Chemical Pesticides provides answers to why pesticides are toxic to the target organism, how resistance develops, why pesticides are toxic to some organisms and not others. The book also discusses legal matters and concerns as well as potential environmental problems. 
526 |a Ðộc chất học môi trường,Chu chuyển và tồn lưu độc chất trong hệ sinh thái 
526 |b MT603,MT913 
650 |a Pesticides 
650 |x Toxicology 
904 |i Giang 
980 |a Trung tâm Học liệu Trường Đại học Cần Thơ